000 00489nam a22001817a 4500
003 CEME
005 20210628203340.0
008 210115b xxu||||| |||| 00| 0 eng d
020 _a0-07-283051-4
040 _cceme
082 _a005.5 HAA
100 _aHaag, Stephen, Perry, James, Wells, Merrill
_964883
245 _aMicrosoft office systems 2003
260 _aNEW YORK
_bMCGRAW HILL
_c2005
300 _aVOL-2
650 _aMICROSOFT OFFICE SYSTEMS 2003
_964884
942 _cBK
_2ddc
999 _c573247
_d573247